Logo BPK

Biblioteka

Politechniki Koszalińskiej

Badania diagnostyczne izolacji gazowych rozdzielnic wysokiego napięcia / (Rekord nr 43450)

Szczegóły MARC
000 -ETYKIETA REKORDU
podpole kontrolne o stałej długości 01006nam a2200265 i 4500
001 - NUMER KONTROLNY REKORDU
pole kontrolne bg
040 ## - ŹRÓDŁO KATALOGOWANIA
Instytucja, która utworzyła rekord BPK
041 0# - KOD JĘZYKA
Kod języka tekstu pol
Kod języka streszczenia lub abstraktu eng
080 ## - UNIWERSALNA KLASYFIKACJA DZIESIĘTNA - UKD
UKD 621.315.6:621.316
008 - POLE O STAŁEJ DŁUGOŚCI - DANE KONTROLNE
podpole kontrolne o stałej długości s pl f |000 0 pol
100 1# - NAZWA OSOBOWA
Nazwa osobowa KOŁTUNOWICZ, Wojciech
245 10 - TYTUŁ/ODPOWIEDZIALNOŚĆ
Tytuł Badania diagnostyczne izolacji gazowych rozdzielnic wysokiego napięcia /
Pozostałe elementy strefy tytułu i oznaczenia odpowiedzialności Wojciech Kołtunowicz.
260 ## - STREFA ADRESU WYDAWNICZEGO
Miejsce wydania Warszawa :
Nazwa wydawcy/dystrybutora Oficyna Wydawnicza PW,
Data publikacji, dystrybucji/powstania dokumentu 2003.
300 ## - STREFA OPISU FIZYCZNEGO
Objętość 112 s. :
Inne cechy fizyczne il. ;
Rozmiary 24 cm.
490 1# - STREFA SERII I DOKUMENTU WIELOCZĘŚCIOWEGO - FORMA NIE DO WYSZUKIWANIA
Tytuł i oznaczenie odpowiedzialności serii Prace Naukowe. Elektryka / Politechnika Warszawska ;
Numeracja w obrębie serii 0137-2319
500 ## - UWAGI OGÓLNE
Tekst uwagi Opis wg okł., w nagł. odm. tyt. serii: Prace Naukowe Politechniki Warszawskiej. - Streszcz. ang.
500 ## - UWAGI OGÓLNE
Tekst uwagi Prace Naukowe Politechniki Warszawskiej.
500 ## - UWAGI OGÓLNE
Tekst uwagi Numeracja ser. gł. : z. 146.
504 ## - UWAGA DOTYCZĄCA BIBLIOGRAFII
Informacje o bibliografii Bibliogr.
650 #9 - HASŁO PRZEDMIOTOWE W FORMIE NAZWY OGÓLNEJ LUB JEDNOSTKOWEJ
Nazwa ogólna lub geograficzna Diagnostyka techniczna
650 #9 - HASŁO PRZEDMIOTOWE W FORMIE NAZWY OGÓLNEJ LUB JEDNOSTKOWEJ
Nazwa ogólna lub geograficzna Izolacje elektryczne
Określnik ogólny badanie
650 #9 - HASŁO PRZEDMIOTOWE W FORMIE NAZWY OGÓLNEJ LUB JEDNOSTKOWEJ
Nazwa ogólna lub geograficzna Technika wysokich napięć
Określnik ogólny zagadnienia
830 #0 - HASŁO DODATKOWE SERII LUB DOKUMENTU WIELOCZĘŚCIOWEGO - TYTUŁ UJEDNOLICONY
Tytuł ujednolicony Prace Naukowe. Elektryka (Politechnika Warszawska) ;
856 ## - LOKALIZACJA I DOSTĘP DO ELEKTRONICZNYCH DOKUMENTÓW ZDALNYCH
Link (URL) http://koha.tu.koszalin.pl/cgi-bin/koha/opac-detail.pl?biblionumber=43450
Tekst linku Katalog online BPK
942 ## - DODATKOWE ELEMENTY (KOHA)
Typ dokumentu Książka
Egzemplarze
Wycofany Status egzemplarza Uszkodzony Dostępność Lokalizacja stała Lokalizacja bieżąca Miejsce przechowywania Sygnatura Kod kreskowy Typ dokumentu
      Dostępny Biblioteka Politechniki Koszalińskiej Biblioteka Politechniki Koszalińskiej Wypożyczalnia BG 69097 02048017 Książka
© 2023 Biblioteka Politechniki Koszalińskiej :: KOHA